000 00378nam a2200157Ia 4500
008 151213s9999 xx 000 0 und d
100 _aB.M.Gandhi
245 _aIndia Legal and Constitutional History
_cB.M.Gandhi
250 _a8th
260 _aNew Delhi
_bEastern Book
_c2005
300 _a8051 p.
650 _aLaw
650 _aLaw
700 _aB.M.Gandhi
999 _c4066
_d4066